Harry Potter: les Cuisines de Poudlard - Statistiques

Statistiques générales
  • Ce quiz a été pris 72 fois
  • Le résultat moyen est 5 sur 6
Statistiques - réponses
Information Réponses % Correct
Employés Elfes de maison
92%
Employé connu Dobby
91%
Première mention Harry Potter à l'école des sorciers
86%
Dernière apparition Harry Potter et la Coupe de Feu
83%
Employée connue Winky
77%
Moyen d'entrer Chatouiller une poire sur un tableau
67%
Aucun quiz correspondant
Distribution des résultats
% des personnes avec chaque résultat
Percentile par nombre de réponses
Votre historique - résultats
Vous n’avez pas pris ce quiz